000 00560nam a2200181Ia 4500
008 090124s9999 xx 000 0 und d
082 _b34881
100 _aस्वामी विद्यानंद
245 _a युगारंभ
250 _a1
260 _bमनोरमा प्रकाशन
_c1996
300 _a374
600 _aस्वामी विद्यानंद
630 _a युगारंभ
700 _aस्वामी विद्यानंद
730 _a युगारंभ
942 _cBOOK
999 _c100808
_d100808